000 00328nam a2200121Ia 4500
008 180117s9999 xx 000 0 und d
100 _aby Maan D"Asis pamaran
245 _aCarnival Thrills and Chills
260 _c2017
300 _a12-16 pages, 2017 March 12
440 _aPhilippine Panorama
650 _aTHRILLS AND CHILLS
999 _c353416
_d353416